[Event "Wch U14 rapid"]
[Site "Batumi"]
[Date "2023.06.08"]
[Round "8"]
[White "Bazilius, Augustinas"]
[Black "Beitner, Yehonatan"]
[Result "1-0"]
[WhiteElo "2054"]
[BlackElo "1546"]
[PlyCount "75"]
[EventDate "2023.06.06"]
[EventType "swiss (rapid)"]
[EventRounds "11"]
[EventCountry "GEO"]
[SourceTitle "EXT 2024"]
[Source "ChessBase"]
[SourceDate "2023.10.10"]
[SourceVersion "1"]
[SourceVersionDate "2023.10.10"]
[SourceQuality "1"]
[WhiteTeam "Lithuania"]
[BlackTeam "Israel"]
[WhiteTeamCountry "LTU"]
[BlackTeamCountry "ISR"]

1. d4 Nf6 2. c4 e6 3. Nf3 d5 4. g3 Bb4+ 5. Bd2 Be7 6. Bg2 a6 7. Qc2 dxc4 8. Qxc4 b5 9. Qc2 Bb7 10. 0-0 Nbd7 11. Rc1 c5 12. a4 0-0 13. dxc5 Nxc5 14. axb5 axb5 15. Nc3 b4 16. Rxa8 Bxa8 17. Nb5 Be4 18. Qd1 Qb6 19. Nbd4 Rd8 20. e3 Nd3 21. Ra1 Rc8 22. Qb3 Qc5 23. Nxe6 fxe6 24. Qxe6+ Kf8 25. Ng5 Qc4 26. Bxe4 Qxe6 27. Nxe6+ Kf7 28. Ng5+ Ke8 29. Bxd3 h6 30. Bb5+ Kf8 31. Ne6+ Kf7 32. Nd4 Ne4 33. Rc1 Rb8 34. Be1 Bf6 35. Bc4+ Kf8 36. Nc6 Rc8 37. Bxb4+ Ke8 38. Bb5 1-0

[Event "Wch U14 rapid"]
[Site "Batumi"]
[Date "2023.06.07"]
[Round "5"]
[White "Beitner, Yehonatan"]
[Black "Rustemov, Gurbanmyrat"]
[Result "0-1"]
[WhiteElo "1546"]
[BlackElo "1833"]
[PlyCount "47"]
[EventDate "2023.06.06"]
[EventType "swiss (rapid)"]
[EventRounds "11"]
[EventCountry "GEO"]
[SourceTitle "EXT 2024"]
[Source "ChessBase"]
[SourceDate "2023.10.10"]
[SourceVersion "1"]
[SourceVersionDate "2023.10.10"]
[SourceQuality "1"]
[WhiteTeam "Israel"]
[BlackTeam "Turkmenistan"]
[WhiteTeamCountry "ISR"]
[BlackTeamCountry "TKM"]

1. e4 c6 2. d4 d5 3. f3 dxe4 4. fxe4 Nf6 5. Nc3 e5 6. Nf3 exd4 7. Qxd4 Nbd7 8. Bg5 Qa5 9. Be2 Bc5 10. Qd3 Ng4 11. Nd4 Bxd4 12. Bxg4 Bxc3+ 13. bxc3 Qxg5 14. Qe2 Ne5 15. Bxc8 Rxc8 16. Rb1 Qh4+ 17. g3 Qe7 18. Rf1 0-0 19. Rf5 g6 20. Rf4 b6 21. Rb3 Nd7 22. Rb4 Nc5 23. Rd4 Ne6 24. Rf2 0-1

[Event "Rishon Le Ziyyon-ch U18"]
[Site "Rishon Le Ziyyon"]
[Date "2023.04.02"]
[Round "7"]
[White "Beitner, Yehonatan"]
[Black "Bercovici, Yaniv"]
[Result "1-0"]
[WhiteElo "1651"]
[BlackElo "1680"]
[PlyCount "69"]
[EventDate "2023.03.28"]
[EventType "swiss"]
[EventRounds "9"]
[EventCountry "ISR"]
[SourceTitle "CBM 213 Extra"]
[Source "ChessBase"]
[SourceDate "2023.05.31"]
[SourceVersion "1"]
[SourceVersionDate "2023.05.31"]
[SourceQuality "1"]

1. e4 c5 2. Nf3 d6 3. d4 cxd4 4. Nxd4 Nf6 5. Nc3 a6 6. Be2 e5 7. Nb3 Be7 8. 0-0 0-0 9. f4 Nbd7 10. Be3 exf4 11. Rxf4 Ne5 12. Kh1 Be6 13. Nd5 Nxd5 14. exd5 Bd7 15. Rf1 Rc8 16. Nd4 Bg5 17. Qd2 Bxe3 18. Qxe3 Qb6 19. b3 Rfe8 20. Qf4 Kh8 21. c4 Re7 22. Qd2 Rce8 23. b4 Bg4 24. Rac1 Bxe2 25. Nxe2 Nxc4 26. Rxc4 Qb5 27. Rcf4 Rxe2 28. Rxf7 h6 29. Qc3 R8e5 30. Qc8+ Kh7 31. Rxg7+ Kxg7 32. Qf8+ Kg6 33. Qf7+ Kg5 34. Qf6+ Kh5 35. Rf5+ 1-0